Movies Quiz

Random Movies or Oscar Quiz

Oscar Best Picture Nominations 2010's Quiz Stats

 Plays Quiz not verified by Sporcle

Also try: Movies by Emoji II
Challenge
Share
Tweet
Embed
Score 0/53 Timer 10:00
0 Plays Today
Year Film % Correct
2010The Fighter
99.2%
2010Black Swan
99.2%
2014Birdman
98.2%
2015The Revenant
98.2%
2015The Martian
98.2%
2013Gravity
97.3%
2013The Wolf of Wall Street
97.3%
2014The Theory of Everything
96.4%
2014Whiplash
96.4%
2015Spotlight
96.4%
2011Moneyball
96.1%
2012Life of Pi
95.3%
201312 Years A Slave
94.7%
2014Boyhood
94.5%
2014American Sniper
94.5%
2015Bridge of Spies
94.5%
2012Zero Dark Thirty
94.5%
2010The King's Speech
93.8%
2012Argo
93.8%
2012Silver Linings Playbook
93.8%
2013Her
93.3%
2010127 Hours
93%
2010True Grit
93%
2011The Artist
93%
2014The Imitation Game
92.7%
2014The Grand Budapest Hotel
92.7%
2014Selma
92.7%
Year Film % Correct
2015The Big Short
92.7%
2015Room
92.7%
2012Django Unchained
92.2%
2013Captain Phillips
92%
2015Brooklyn
90.9%
2010Winter's Bone
90.6%
2012Les Miserables
90.6%
2010Inception
89.8%
2013Dallas Buyers Club
89.3%
2010The Social Network
89.1%
2011Hugo
89.1%
2012Lincoln
88.3%
2013Nebraska
88%
2013American Hustle
88%
2010Toy Story 3
87.5%
2011The Descendants
85.9%
2015Mad Max Fury Road
83.6%
2011The Tree of Life
83.6%
2010The Kids Are All Right
81.3%
2011The Help
79.7%
2011War Horse
79.7%
2012Amour
76.6%
2012Beasts of the Southern Wild
71.1%
2011Extremely Loud & Incredibly Close
70.3%
2013Philomena
69.3%
2011Midnight in Paris
60.9%

You're not logged in!

Compare scores with friends on all Sporcle quizzes.
OR
Log In

You Might Also Like...

Show Comments

Extras

Top Quizzes Today


Score Distribution

Your Account Isn't Verified!

In order to create a playlist on Sporcle, you need to verify the email address you used during registration. Go to your Sporcle Settings to finish the process.

Report this User

Report this user for behavior that violates our Community Guidelines.

Details: